[Event "DEM U10/U10w 2015"]
[Site "Willingen GER"]
[Date "2015.05.29"]
[Round "10"]
[White "Farokhi, Keyvan"]
[Black "Butenandt, Svenja"]
[Result "1-0"]
[Termination "normal"]
[Board "20"]
[WhiteElo "1262"]
[BlackElo "1342"]
[PlyCount "48"]
[WhiteFideId "12998630"]
[BlackFideId "12993859"]
[EventCountry "GER"]
[EventRounds "11"]
[EventType "swiss"]
[EventDate "2015.05.23"]

1. e4 c5 2. Nf3 d6 3. Bb5+ Bd7 4. Bd3 Nf6 5. O-O g6 6. c3 d5 7. e5 Ne4 8. Re1
Bc6 9. Bc2 c4 10. b3 Nc5 11. Qe2 b5 12. Ba3 Qb6 13. Nd4 e6 14. Qg4 Bg7 15. Qh4
O-O 16. Qe7 Nbd7 17. Qd6 Rfe8 18. Qxc6 Rec8 19. Qxb6 axb6 20. Nxb5 Bxe5 21.
bxc4 dxc4 22. Bxc5 Nxc5 23. Rxe5 f6 24. Re1 Kg7 1-0

[Event "DEM U10/U10w 2015"]
[Site "Willingen GER"]
[Date "2015.05.29"]
[Round "10"]
[White "Pachmann, Johannes"]
[Black "Gericke, Luis"]
[Result "1/2-1/2"]
[Termination "normal"]
[Board "21"]
[WhiteElo "1308"]
[BlackElo "1220"]
[PlyCount "112"]
[WhiteFideId "16250451"]
[BlackFideId "16212525"]
[EventCountry "GER"]
[EventRounds "11"]
[EventType "swiss"]
[EventDate "2015.05.23"]

1. e4 e5 2. d4 exd4 3. Qxd4 Nc6 4. Qe3 Nf6 5. Nc3 Bb4 6. Bd2 O-O 7. O-O-O d6 8.
Qg3 Kh8 9. f3 Be6 10. Bb5 Nh5 11. Qf2 Bc5 12. Qf1 Nd4 13. Ba4 Nc6 14. Kb1 a6
15. g4 Nf6 16. h4 b5 17. Bb3 Bxb3 18. cxb3 b4 19. Na4 Qb8 20. h5 Qb5 21. Bf4
Nd7 22. g5 Nb6 23. Qxb5 axb5 24. Nxc5 dxc5 25. Bxc7 Nc8 26. g6 fxg6 27. hxg6 h6
28. Rd7 Rf6 29. Rf7 Rxg6 30. Rf8+ Kh7 31. e5 Ra7 32. Rxc8 Ne7 33. Bb6 Nxc8 34.
Bxa7 Nxa7 35. f4 Rg4 36. Nh3 Nc6 37. a3 bxa3 38. bxa3 Rg3 39. Kc2 Nd4+ 40. Kb2
Rxb3+ 41. Ka2 Re3 42. Rh2 Re2+ 43. Rxe2 Nxe2 44. Kb3 c4+ 45. Kb4 c3 46. Kb3 Kg6
47. Kc2 Kf5 48. Kd3 Nd4 49. Kxc3 Nc6 50. Kb3 g5 51. fxg5 hxg5 52. Nxg5 Kxe5 53.
a4 b4 54. Kc4 Kf5 55. a5 Nxa5+ 56. Kxb4 Kxg5 1/2-1/2

[Event "DEM U10/U10w 2015"]
[Site "Willingen GER"]
[Date "2015.05.29"]
[Round "10"]
[White "Stillbauer, Jan"]
[Black "Rempe, Jonas"]
[Result "1-0"]
[Termination "normal"]
[Board "22"]
[WhiteElo "1146"]
[BlackElo "1292"]
[PlyCount "77"]
[WhiteFideId "16239393"]
[BlackFideId "16202406"]
[EventCountry "GER"]
[EventRounds "11"]
[EventType "swiss"]
[EventDate "2015.05.23"]

1. e4 e6 2. d4 d5 3. Nc3 dxe4 4. Nxe4 Nd7 5. Nf3 Ngf6 6. Nxf6+ Nxf6 7. Bg5 Be7
8. Bc4 b6 9. O-O Bb7 10. Ne5 O-O 11. Re1 Nd5 12. Bxe7 Nxe7 13. Qd3 a6 14. Nf3
Ng6 15. c3 Re8 16. Rad1 b5 17. Bb3 e5 18. Qf5 Re7 19. Ng5 Bc8 20. Nxf7 Bxf5 21.
Nxd8+ Kf8 22. Nc6 Ree8 23. Nxe5 Nxe5 24. Rxe5 Bg6 25. Rxe8+ Rxe8 26. f3 Re2 27.
c4 Bc2 28. Bxc2 Rxc2 29. cxb5 Rxb2 30. bxa6 Rxa2 31. Rc1 Rxa6 32. Rxc7 Rd6 33.
Rc4 Ke7 34. Kf2 Ke6 35. Ke3 Rd7 36. Ke4 g6 37. f4 Ra7 38. d5+ Kd7 39. Ke5 1-0

[Event "DEM U10/U10w 2015"]
[Site "Willingen GER"]
[Date "2015.05.29"]
[Round "10"]
[White "Kurzweil, Nalani"]
[Black "Reichelt, Lena"]
[Result "1/2-1/2"]
[Termination "normal"]
[Board "23"]
[WhiteElo "1209"]
[BlackElo "1285"]
[PlyCount "44"]
[WhiteFideId "12985694"]
[BlackFideId "12981184"]
[EventCountry "GER"]
[EventRounds "11"]
[EventType "swiss"]
[EventDate "2015.05.23"]

1. e4 e6 2. Nf3 d5 3. e5 c5 4. b4 cxb4 5. d4 Nc6 6. a3 bxa3 7. c3 Bd7 8. Bd3 f6
9. Nfd2 Qc7 10. Qh5+ Kd8 11. Qf7 Nh6 12. Qh5 f5 13. Nf3 Be8 14. Qh4+ Be7 15.
Qg3 Bg6 16. Ng5 Kd7 17. f4 Nxd4 18. O-O Nc6 19. Kh1 Bxg5 20. Qxg5 Nf7 21. Qg3
Rhe8 22. Nxa3 a6 1/2-1/2

[Event "DEM U10/U10w 2015"]
[Site "Willingen GER"]
[Date "2015.05.29"]
[Round "10"]
[White "Reuter, Elisa"]
[Black "Kodalle, Dominik"]
[Result "0-1"]
[Termination "normal"]
[Board "24"]
[WhiteElo "1133"]
[BlackElo "1230"]
[PlyCount "100"]
[WhiteFideId "12995444"]
[BlackFideId "16208722"]
[EventCountry "GER"]
[EventRounds "11"]
[EventType "swiss"]
[EventDate "2015.05.23"]

1. c4 Nf6 2. Nc3 g6 3. g3 Bg7 4. Bg2 c5 5. Nf3 Nc6 6. O-O O-O 7. d4 cxd4 8.
Nxd4 e5 9. Nb3 d6 10. h3 Be6 11. Nd5 Bxd5 12. cxd5 Ne7 13. e4 h6 14. Bd2 Rc8
15. Bc3 b6 16. Qe2 Nd7 17. Rac1 Rc7 18. Rc2 f5 19. Rd1 Nf6 20. Rcd2 Qa8 21. Bb4
Rd8 22. Qe3 Qb7 23. Bc3 Rc4 24. Qd3 Rdc8 25. exf5 gxf5 26. Qe2 Ng6 27. a3 a5
28. Rd3 f4 29. Qf3 e4 30. Qe2 exd3 31. Qxd3 Ne7 32. Nc1 Nh5 33. Bxg7 Kxg7 34.
Ne2 fxg3 35. Nxg3 Nxg3 36. Qxg3+ Ng6 37. Qxd6 Rc1 38. Rxc1 Rxc1+ 39. Kh2 Qc7
40. Qxc7+ Rxc7 41. Kg3 Rd7 42. Kg4 Ne7 43. f4 Nxd5 44. Bxd5 Rxd5 45. f5 Kf6 46.
Kh5 Rxf5+ 47. Kxh6 Rf3 48. Kh7 Rxh3+ 49. Kg8 Rh6 50. Kf8 Rh8# 0-1

[Event "DEM U10/U10w 2015"]
[Site "Willingen GER"]
[Date "2015.05.29"]
[Round "10"]
[White "Joppich, Til"]
[Black "Schauties, Nico Antonio"]
[Result "0-1"]
[Termination "normal"]
[Board "25"]
[WhiteElo "1108"]
[BlackElo "1457"]
[PlyCount "118"]
[WhiteFideId "16232917"]
[BlackFideId "16206371"]
[EventCountry "GER"]
[EventRounds "11"]
[EventType "swiss"]
[EventDate "2015.05.23"]

1. e4 e6 2. Qe2 Bc5 3. Nf3 Nc6 4. Nc3 Nge7 5. d3 O-O 6. g3 d5 7. e5 Nf5 8. Bg2
Nfd4 9. Nxd4 Nxd4 10. Qd1 Nc6 11. O-O d4 12. Ne4 Bb6 13. Bf4 Ne7 14. a4 c6 15.
Qg4 Ng6 16. Bg5 Nxe5 17. Nf6+ Qxf6 18. Bxf6 Nxg4 19. Bh4 h6 20. Be7 Re8 21. Bd6
Rd8 22. Ba3 Bc7 23. Rfe1 Bd6 24. b4 Nf6 25. Rac1 a5 26. Rb1 axb4 27. Bxb4 c5
28. Bd2 Rxa4 29. Rb2 Rd7 30. c3 dxc3 31. Bxc3 Ra3 32. Rc1 Be7 33. d4 Rc7 34.
dxc5 Rxc5 35. Rbc2 b6 36. Kf1 Ba6+ 37. Ke1 Bd3 38. Bxf6 Rxc2 39. Rxc2 Bb4+ 40.
Kd1 Bxc2+ 41. Kxc2 gxf6 42. Kd1 Ra2 43. Bc6 Rxf2 44. h4 Kg7 45. g4 Kg6 46. Be8
e5 47. Bc6 f5 48. gxf5+ Kxf5 49. Bd7+ Kf4 50. Bc6 e4 51. h5 e3 52. Bb5 Rd2+ 53.
Kc1 e2 54. Bxe2 Rxe2 55. Kd1 Ke3 56. Kc1 Kd3 57. Kb1 Kc3 58. Ka1 Kb3 59. Kb1
Re1# 0-1

[Event "DEM U10/U10w 2015"]
[Site "Willingen GER"]
[Date "2015.05.29"]
[Round "10"]
[White "Kruse, Kilian"]
[Black "Wehrle, Maximilian"]
[Result "1-0"]
[Termination "normal"]
[Board "26"]
[WhiteElo "1346"]
[BlackElo "1108"]
[PlyCount "75"]
[WhiteFideId "16205413"]
[BlackFideId "65600347"]
[EventCountry "GER"]
[EventRounds "11"]
[EventType "swiss"]
[EventDate "2015.05.23"]

1. e4 e5 2. Nf3 Nc6 3. Bc4 Bc5 4. d3 Nf6 5. c3 h6 6. Nbd2 d6 7. Nf1 Bd7 8. Ng3
O-O 9. O-O a6 10. Bb3 Ne7 11. Nh4 Qc8 12. Be3 Bb6 13. Bxb6 cxb6 14. h3 Re8 15.
Nh5 Nxh5 16. Qxh5 Rf8 17. Rae1 Be6 18. Qd1 Ng6 19. Nxg6 fxg6 20. Re3 Bxb3 21.
Qxb3+ Kh7 22. Qxb6 Qd7 23. d4 Rf7 24. Rg3 Raf8 25. dxe5 dxe5 26. Qxg6+ Kg8 27.
Qxh6 Qb5 28. b4 Qc4 29. Qg5 Qxe4 30. h4 Rc8 31. h5 Rcc7 32. Re3 Qc2 33. Rxe5
Rxc3 34. Re8+ Rf8 35. Qd5+ Kh7 36. Rxf8 Qe2 37. Qf5+ g6 38. Qxg6# 1-0

[Event "DEM U10/U10w 2015"]
[Site "Willingen GER"]
[Date "2015.05.29"]
[Round "10"]
[White "Wiemann, Vanessa"]
[Black "Laux, Dominik"]
[Result "0-1"]
[Termination "normal"]
[Board "27"]
[WhiteElo "1229"]
[BlackElo "1273"]
[PlyCount "144"]
[WhiteFideId "12942987"]
[BlackFideId "12994219"]
[EventCountry "GER"]
[EventRounds "11"]
[EventType "swiss"]
[EventDate "2015.05.23"]

1. e4 c6 2. d4 d5 3. exd5 cxd5 4. Bd3 Nc6 5. c3 Nf6 6. h3 e6 7. Nf3 Bd6 8. O-O
h6 9. Qe2 O-O 10. Ne5 Bd7 11. f4 Re8 12. Nd2 Qc7 13. Ndf3 Nh5 14. Qe1 Nf6 15.
Bd2 Rad8 16. Rc1 Be7 17. Rc2 Qb6 18. Bc1 Rc8 19. Rcf2 Rc7 20. Re2 Bd6 21. Nxc6
Bxc6 22. Ne5 Nd7 23. Kh1 Re7 24. Qh4 Bb5 25. Bxb5 Qxb5 26. Rfe1 Re8 27. Qg3 a6
28. a3 Rec8 29. Re3 Qa4 30. Rf3 Be7 31. f5 Nxe5 32. dxe5 Kh7 33. fxe6 Bh4 34.
Qh2 Bxe1 35. exf7 Rf8 36. e6 Re7 37. Qd6 Bh4 38. Kh2 Qc6 39. Qxc6 bxc6 40. Re3
Bg5 41. Re1 Bxc1 42. Rxc1 Rxe6 43. Rf1 Rf6 44. Rxf6 gxf6 45. Kg3 Rxf7 46. Kf2
Rb7 47. b4 a5 48. Ke3 axb4 49. axb4 Ra7 50. Kd4 Ra3 51. Kd3 Kg6 52. Kd4 Kg5 53.
c4 dxc4 54. Kxc4 Rg3 55. Kc5 Rxg2 56. Kxc6 f5 57. b5 f4 58. b6 Rb2 59. b7 f3
60. Kc7 f2 61. b8=Q Rxb8 62. Kxb8 f1=Q 63. Kc7 Qd1 64. Kc6 Qd4 65. Kc7 Qd5 66.
Kc8 Qf7 67. Kd8 Kf6 68. Kc8 Ke6 69. Kb8 Kd6 70. Ka8 Kc6 71. h4 Kb6 72. h5 Qb7#
0-1

[Event "DEM U10/U10w 2015"]
[Site "Willingen GER"]
[Date "2015.05.29"]
[Round "10"]
[White "Breß, Amy Charlize"]
[Black "Rockmann, Enno"]
[Result "0-1"]
[Termination "normal"]
[Board "28"]
[WhiteElo "941"]
[BlackElo "1269"]
[PlyCount "90"]
[WhiteFideId "16233786"]
[BlackFideId "12982920"]
[EventCountry "GER"]
[EventRounds "11"]
[EventType "swiss"]
[EventDate "2015.05.23"]

1. e4 e5 2. Nf3 Nc6 3. Bc4 Bc5 4. d3 Nf6 5. Nc3 h6 6. h3 d6 7. Be3 Bb6 8. O-O
Ne7 9. b4 c6 10. a4 Ng6 11. a5 Bc7 12. d4 O-O 13. dxe5 dxe5 14. Qd3 Nh5 15.
Rfd1 Qf6 16. a6 b6 17. Qe2 Bd6 18. b5 Bb4 19. Rd3 Nhf4 20. Bxf4 Nxf4 21. Qe3
Nxd3 22. Qxd3 cxb5 23. Bxb5 Be6 24. Ra4 Rfd8 25. Qe3 Bc5 26. Qe2 Rac8 27. Nb1
Bd4 28. Ra3 Qg6 29. h4 f5 30. exf5 Bxf5 31. Ra2 Rxc2 32. Rxc2 Bxc2 33. Na3 Be4
34. Nc4 Bd3 35. Qe1 Bxc4 36. Bxc4+ Kh8 37. Nxe5 Bxe5 38. Qxe5 Qf6 39. Qxf6 gxf6
40. Be2 Kg7 41. h5 Kf7 42. Bc4+ Ke7 43. Kh2 Rb8 44. Kg3 b5 45. Bd3 b4 0-1

[Event "DEM U10/U10w 2015"]
[Site "Willingen GER"]
[Date "2015.05.29"]
[Round "10"]
[White "Pietsch, Julius"]
[Black "Peglau, Mirjam"]
[Result "0-1"]
[Termination "normal"]
[Board "29"]
[WhiteElo "1202"]
[BlackElo "1055"]
[PlyCount "58"]
[WhiteFideId "12985660"]
[BlackFideId "16211138"]
[EventCountry "GER"]
[EventRounds "11"]
[EventType "swiss"]
[EventDate "2015.05.23"]

1. e4 e5 2. Nf3 Nc6 3. Bc4 Nf6 4. d3 Bc5 5. O-O d6 6. Bg5 Bg4 7. h3 Bh5 8. Nc3
Nd4 9. Nd5 Nxf3+ 10. gxf3 h6 11. Bh4 g5 12. Bg3 Nxd5 13. Bxd5 c6 14. Bc4 Qf6
15. Kg2 O-O-O 16. c3 d5 17. exd5 cxd5 18. Bb3 e4 19. d4 Bxf3+ 20. Kh2 Bxd1 21.
Bxd1 Bd6 22. Bxd6 Qxd6+ 23. Kh1 Qa6 24. Bb3 Qe2 25. c4 dxc4 26. Rac1 b5 27. a4
a6 28. axb5 axb5 29. Ba2 Rxd4 0-1

[Event "DEM U10/U10w 2015"]
[Site "Willingen GER"]
[Date "2015.05.29"]
[Round "10"]
[White "Heutling, Elina"]
[Black "Kalina, Lena"]
[Result "0-1"]
[Termination "normal"]
[Board "30"]
[WhiteElo "1140"]
[BlackElo "993"]
[PlyCount "56"]
[WhiteFideId "16244729"]
[BlackFideId "12988014"]
[EventCountry "GER"]
[EventRounds "11"]
[EventType "swiss"]
[EventDate "2015.05.23"]

1. e4 e5 2. Nf3 Nc6 3. Bc4 Bc5 4. c3 d6 5. d4 exd4 6. cxd4 Bb4+ 7. Nc3 Nf6 8.
Bd2 Bxc3 9. bxc3 Nxe4 10. O-O O-O 11. Bd3 Nxd2 12. Qxd2 Bg4 13. Ng5 f6 14.
Bxh7+ Kh8 15. Bc2 fxg5 16. h3 Bf5 17. Bd1 g6 18. d5 Ne5 19. Re1 Qf6 20. Re3 Nc4
21. Qe2 Nxe3 22. Qxe3 Rfe8 23. Qd2 Re7 24. Bb3 Rae8 25. Ba4 Bd7 26. Bc2 Re2 27.
Qd3 Qxf2+ 28. Kh2 Qxg2# 0-1

[Event "DEM U10/U10w 2015"]
[Site "Willingen GER"]
[Date "2015.05.29"]
[Round "10"]
[White "Reuter, Max"]
[Black "Rashba, David"]
[Result "1/2-1/2"]
[Termination "normal"]
[Board "31"]
[WhiteElo "1036"]
[BlackElo "1130"]
[PlyCount "84"]
[WhiteFideId "16263715"]
[BlackFideId "16205499"]
[EventCountry "GER"]
[EventRounds "11"]
[EventType "swiss"]
[EventDate "2015.05.23"]

1. e4 c6 2. d4 d5 3. Nc3 dxe4 4. Nxe4 Bf5 5. Ng3 Bg6 6. h4 h6 7. h5 Bh7 8. Bd3
Bxd3 9. Qxd3 e6 10. Nf3 Nd7 11. Bd2 Ngf6 12. O-O-O Be7 13. Ne4 Qc7 14. Kb1
O-O-O 15. Nxf6 Nxf6 16. Ne5 Bd6 17. f4 Rhf8 18. Qf3 Qb6 19. Be3 Qc7 20. g4 Nd5
21. g5 Nxe3 22. Qxe3 Bxe5 23. fxe5 hxg5 24. Qxg5 f6 25. exf6 Rxf6 26. Rhg1 Rf5
27. Qg4 Qf7 28. c3 Rxh5 29. Qxg7 Qxg7 30. Rxg7 e5 31. Kc1 exd4 32. Rxd4 Rh1+
33. Kc2 Rxd4 34. cxd4 Rh2+ 35. Kc3 Rh8 36. a4 Rd8 37. b4 Rd7 38. Rxd7 Kxd7 39.
Kc4 Kd6 40. b5 cxb5+ 41. axb5 b6 42. Kc3 Kd5 1/2-1/2

[Event "DEM U10/U10w 2015"]
[Site "Willingen GER"]
[Date "2015.05.29"]
[Round "10"]
[White "Zwecker, Hagen"]
[Black "Liu, Sijia Anna"]
[Result "1/2-1/2"]
[Termination "normal"]
[Board "32"]
[WhiteElo "1145"]
[BlackElo "1147"]
[PlyCount "78"]
[WhiteFideId "12991007"]
[BlackFideId "12989746"]
[EventCountry "GER"]
[EventRounds "11"]
[EventType "swiss"]
[EventDate "2015.05.23"]

1. e4 c5 2. Nf3 Nc6 3. Bb5 g6 4. Nc3 Bg7 5. d3 e6 6. Be3 Nd4 7. Bf4 Nxb5 8.
Nxb5 Qa5+ 9. Nc3 Bxc3+ 10. bxc3 Qxc3+ 11. Bd2 Qa3 12. O-O h6 13. Rb1 Qxa2 14.
Bc3 e5 15. Bxe5 f6 16. Bb2 Qe6 17. Re1 Ne7 18. e5 f5 19. Qd2 b5 20. Qe3 c4 21.
dxc4 bxc4 22. Qc5 Bb7 23. Qd6 O-O 24. Ba3 Bxf3 25. Qxe6+ dxe6 26. gxf3 Rf7 27.
Kg2 Nd5 28. Ra1 Rg7 29. Bc5 g5 30. Ra4 Rc7 31. Bd6 Nb6 32. Bxc7 Nxa4 33. Ra1
Nc3 34. Ra6 Kf7 35. Bb6 Nb5 36. Be3 f4 37. Bc5 h5 38. h4 gxh4 39. Kh3 Kg6
1/2-1/2

[Event "DEM U10/U10w 2015"]
[Site "Willingen GER"]
[Date "2015.05.29"]
[Round "10"]
[White "Ruppert, Jeremy"]
[Black "Kriuckova, Sonia"]
[Result "0-1"]
[Termination "normal"]
[Board "33"]
[WhiteElo "1147"]
[BlackElo "1297"]
[PlyCount "108"]
[BlackFideId "16204310"]
[EventCountry "GER"]
[EventRounds "11"]
[EventType "swiss"]
[EventDate "2015.05.23"]

1. e4 c5 2. Nf3 Nc6 3. d4 cxd4 4. Nxd4 e6 5. Nc3 Nf6 6. Be3 d6 7. f3 a6 8. Qd2
Be7 9. g4 Qd7 10. O-O-O b6 11. h4 Bb7 12. Na4 Qc7 13. Nxc6 Qxc6 14. Nxb6 Rb8
15. Nc4 Bf8 16. Na5 Qc7 17. Qb4 Ba8 18. Qa4+ Qd7 19. Qxd7+ Nxd7 20. Bxa6 Bxe4
21. fxe4 Ra8 22. Nc4 Rxa6 23. a3 Nf6 24. e5 Nxg4 25. Nxd6+ Bxd6 26. Bg5 Nxe5
27. Rhe1 O-O 28. Rg1 Nf3 29. Rg2 Nxg5 30. hxg5 Rd8 31. Kb1 Re8 32. Rgd2 Be7 33.
Rd7 Bxg5 34. R1d3 h6 35. b4 e5 36. b5 Rb6 37. a4 e4 38. R3d6 Rxd6 39. Rxd6 Ra8
40. Ra6 Rxa6 41. bxa6 Be3 42. c4 f5 43. Kc2 f4 44. Kd1 f3 45. Ke1 f2+ 46. Ke2
g5 47. Kf1 h5 48. Kg2 h4 49. Kf1 h3 50. a7 Bxa7 51. c5 Bxc5 52. a5 h2 53. a6
h1=Q+ 54. Ke2 Qe1# 0-1

[Event "DEM U10/U10w 2015"]
[Site "Willingen GER"]
[Date "2015.05.29"]
[Round "10"]
[White "Baltic, Sara"]
[Black "Klühs, Isabel"]
[Result "1-0"]
[Termination "normal"]
[Board "34"]
[WhiteElo "1129"]
[BlackElo "901"]
[PlyCount "93"]
[WhiteFideId "16210409"]
[BlackFideId "16228944"]
[EventCountry "GER"]
[EventRounds "11"]
[EventType "swiss"]
[EventDate "2015.05.23"]

1. e4 e5 2. Nf3 Nc6 3. Bc4 Nf6 4. d3 Bc5 5. c3 d6 6. Nbd2 Bd7 7. Bb3 Qe7 8. O-O
O-O-O 9. h3 h6 10. Re1 g5 11. g4 h5 12. Nxg5 Be6 13. Bxe6+ fxe6 14. Qb3 d5 15.
gxh5 Nxh5 16. Ndf3 Rhg8 17. a4 Nf4 18. Bxf4 exf4 19. h4 Qg7 20. Kf1 Rde8 21.
exd5 Nd8 22. dxe6 Nxe6 23. Rxe6 Rxe6 24. Qxe6+ Kb8 25. Qe5 Qf8 26. Ne6 Qe7 27.
Nxc5 Qxe5 28. Nxe5 a6 29. d4 b6 30. Nxa6+ Kb7 31. Nb4 c5 32. dxc5 bxc5 33. Nbd3
Kb6 34. a5+ Kb5 35. c4+ Ka6 36. Nxc5+ Ka7 37. b4 Kb8 38. b5 Kc7 39. b6+ Kb8 40.
a6 Kc8 41. a7 Kd8 42. Rd1+ Ke7 43. b7 Kf6 44. b8=Q Rxb8 45. axb8=Q Kf5 46. Qf8+
Kxe5 47. Rd5# 1-0

[Event "DEM U10/U10w 2015"]
[Site "Willingen GER"]
[Date "2015.05.29"]
[Round "10"]
[White "Bayer, Melissa"]
[Black "Orlova, Alicia"]
[Result "1/2-1/2"]
[Termination "normal"]
[Board "35"]
[WhiteElo "1104"]
[BlackElo "1110"]
[PlyCount "139"]
[WhiteFideId "16206916"]
[BlackFideId "34154563"]
[EventCountry "GER"]
[EventRounds "11"]
[EventType "swiss"]
[EventDate "2015.05.23"]

1. e4 e5 2. Nf3 Nc6 3. Bb5 a6 4. Ba4 Nf6 5. d3 d6 6. c3 Bd7 7. O-O Be7 8. Nbd2
O-O 9. Re1 h6 10. Nf1 Re8 11. Ng3 Bf8 12. d4 Rc8 13. Nh4 exd4 14. cxd4 Nxe4 15.
Rxe4 Rxe4 16. Nxe4 Qxh4 17. f3 Bf5 18. g3 Qe7 19. Bc2 Bxe4 20. fxe4 g6 21. Qg4
Re8 22. Be3 Bg7 23. Rd1 Qe6 24. Qxe6 fxe6 25. b3 Kh7 26. Kg2 Rf8 27. h4 d5 28.
h5 Ne7 29. exd5 exd5 30. g4 Rf6 31. Rf1 Rxf1 32. Kxf1 Bf6 33. Ke2 Bg5 34. b4
Bxe3 35. Kxe3 Kg7 36. hxg6 Nxg6 37. Kf3 Kf6 38. Bb3 c6 39. Kg3 Ke6 40. Bc2 Kf6
41. Bf5 Ne7 42. Bd7 Kg5 43. a3 h5 44. gxh5 Kxh5 45. Bg4+ Kg5 46. Bd7 Nf5+ 47.
Bxf5 Kxf5 48. Kf3 Ke6 49. Kf4 b6 50. a4 Kd6 51. Ke3 c5 52. bxc5+ bxc5 53. Kd3
cxd4 54. Kxd4 a5 55. Kd3 Kc5 56. Kc3 d4+ 57. Kb3 Kd5 58. Kc2 Kc4 59. Kd2 d3 60.
Kd1 Kc3 61. Kc1 d2+ 62. Kd1 Kb3 63. Kxd2 Kxa4 64. Kc2 Kb4 65. Kb2 a4 66. Ka2 a3
67. Ka1 Kb3 68. Kb1 a2+ 69. Ka1 Ka4 70. Kxa2 1/2-1/2

[Event "DEM U10/U10w 2015"]
[Site "Willingen GER"]
[Date "2015.05.29"]
[Round "10"]
[White "Straub, Benno"]
[Black "Gehle, Joshua"]
[Result "0-1"]
[Termination "normal"]
[Board "36"]
[WhiteElo "1022"]
[BlackElo "948"]
[PlyCount "36"]
[WhiteFideId "16255488"]
[BlackFideId "16273753"]
[EventCountry "GER"]
[EventRounds "11"]
[EventType "swiss"]
[EventDate "2015.05.23"]

1. e4 e5 2. f4 exf4 3. Nf3 g5 4. h4 g4 5. Ne5 d6 6. Nxg4 Be7 7. h5 Bh4+ 8. Nf2
Nc6 9. d4 Qf6 10. d5 Ne5 11. Qd2 Ng4 12. Qxf4 Bxf2+ 13. Ke2 Qxf4 14. Bxf4 Bd4
15. c3 Bf6 16. Nd2 Bd7 17. Nf3 b6 18. Rd1 O-O-O 0-1

[Event "DEM U10/U10w 2015"]
[Site "Willingen GER"]
[Date "2015.05.29"]
[Round "10"]
[White "Bashylina, Luisa"]
[Black "Youness, Sali"]
[Result "1-0"]
[Termination "normal"]
[Board "37"]
[WhiteElo "1223"]
[BlackElo "897"]
[PlyCount "159"]
[WhiteFideId "12983292"]
[EventCountry "GER"]
[EventRounds "11"]
[EventType "swiss"]
[EventDate "2015.05.23"]

1. e4 e5 2. Nf3 Nc6 3. d4 exd4 4. Nxd4 Bc5 5. Be3 Qf6 6. c3 Nge7 7. Bc4 O-O 8.
O-O d6 9. f4 Qg6 10. Nd2 Kh8 11. Qe2 f5 12. Bf2 fxe4 13. Nxe4 Rxf4 14. Ng3 Bxd4
15. cxd4 Nxd4 16. Bxd4 Rxd4 17. Qxe7 h6 18. Qxc7 Be6 19. Bxe6 Qxe6 20. Qxb7
Qe3+ 21. Kh1 Rg8 22. Qxa7 Qe5 23. Qf7 Qb5 24. b3 Qc6 25. Qf3 Qc5 26. Ne4 Qe5
27. Ng3 Qb5 28. Nf5 Rd3 29. Qf2 Rf8 30. Qc2 Rd5 31. Ne3 Rxf1+ 32. Rxf1 Kg8 33.
Qc4 Qxc4 34. Nxc4 Rd4 35. h3 h5 36. Rf3 h4 37. Kg1 Rd1+ 38. Kf2 Rc1 39. a4 Rc2+
40. Kg1 Rc1+ 41. Rf1 Rc3 42. Rb1 d5 43. Ne5 d4 44. Kf2 d3 45. Ke1 g5 46. Kd2
Rc2+ 47. Kxd3 Rxg2 48. a5 Rg3+ 49. Kc4 Rxh3 50. a6 Re3 51. a7 Re4+ 52. Kc3 Re3+
53. Kb2 Re2+ 54. Ka3 Rxe5 55. a8=Q+ Kg7 56. Qb7+ Kh6 57. Qf7 Ra5+ 58. Kb4 Ra6
59. Kb5 Rd6 60. Qf8+ Kh5 61. Qxd6 h3 62. Rh1 Kh4 63. Qh2 g4 64. Qf4 Kh5 65.
Rxh3+ gxh3 66. Qh2 Kh4 67. Kc5 Kg4 68. Kd4 Kh4 69. Ke3 Kg4 70. Qf4+ Kh5 71. Qg3
h2 72. Qxh2+ Kg4 73. Qf4+ Kh5 74. Qg3 Kh6 75. Qg4 Kh7 76. Qg5 Kh8 77. Kf4 Kh7
78. Kf5 Kh8 79. Kf6 Kh7 80. Qg7# 1-0

[Event "DEM U10/U10w 2015"]
[Site "Willingen GER"]
[Date "2015.05.29"]
[Round "10"]
[White "Schneider, Anna"]
[Black "von Rosen, Jakob"]
[Result "0-1"]
[Termination "normal"]
[Board "38"]
[WhiteElo "1060"]
[BlackElo "1124"]
[PlyCount "100"]
[WhiteFideId "16200527"]
[BlackFideId "12982989"]
[EventCountry "GER"]
[EventRounds "11"]
[EventType "swiss"]
[EventDate "2015.05.23"]

1. e4 c5 2. Nf3 d6 3. d4 cxd4 4. Nxd4 Nf6 5. Nc3 g6 6. Be3 Bg7 7. f3 O-O 8. Qd2
Nc6 9. O-O-O Nxd4 10. Bxd4 Be6 11. Kb1 Qc7 12. g4 Rfc8 13. h4 h5 14. gxh5 Nxh5
15. Bxg7 Kxg7 16. Qd4+ Kh7 17. Be2 Ng3 18. Rhe1 a5 19. f4 Qc5 20. Qd3 Nxe2 21.
Nxe2 Qc4 22. Rf1 Qxa2+ 23. Kc1 Qa1+ 24. Kd2 Qa4 25. b3 Qb4+ 26. Ke3 Rc7 27. Kf2
Bg4 28. Rh1 Qc5+ 29. Kf1 Bxe2+ 30. Qxe2 Qxc2 31. h5 Qxe2+ 32. Kxe2 Rc2+ 33. Kd3
Rg2 34. hxg6+ Kxg6 35. f5+ Kg5 36. Rh7 Kf6 37. Rdh1 Rg3+ 38. Kc2 Rc8+ 39. Kb2
Rg2+ 40. Ka3 Rf8 41. Ka4 Ra2+ 42. Kb5 Ke5 43. R7h4 Ra3 44. Kc4 a4 45. bxa4
Rxa4+ 46. Kd3 b5 47. Ke3 Ra3+ 48. Kf2 Rc8 49. R1h3 Rc2+ 50. Ke1 Ra1# 0-1

[Event "DEM U10/U10w 2015"]
[Site "Willingen GER"]
[Date "2015.05.29"]
[Round "10"]
[White "Wallat, Alexandra"]
[Black "Handschuh, Felix"]
[Result "0-1"]
[Termination "normal"]
[Board "39"]
[WhiteElo "935"]
[BlackElo "1114"]
[PlyCount "50"]
[WhiteFideId "16211413"]
[BlackFideId "12997447"]
[EventCountry "GER"]
[EventRounds "11"]
[EventType "swiss"]
[EventDate "2015.05.23"]

1. e4 e6 2. d4 d5 3. exd5 exd5 4. Nf3 Nc6 5. Nc3 Nf6 6. Bg5 Be7 7. Be2 O-O 8.
O-O Bf5 9. Ne5 Re8 10. Bb5 Qd6 11. Qd2 a6 12. Bxc6 bxc6 13. Na4 Nd7 14. Nxd7
Qxd7 15. Bxe7 Qxe7 16. Rfe1 Qf6 17. Rxe8+ Rxe8 18. Re1 Rxe1+ 19. Qxe1 h6 20.
Qe5 Qg5 21. Qe8+ Kh7 22. h3 Bxh3 23. g3 Qc1+ 24. Kh2 Qf1 25. Qxf7 Qg2# 0-1

[Event "DEM U10/U10w 2015"]
[Site "Willingen GER"]
[Date "2015.05.29"]
[Round "10"]
[White "Schupfer, Michael"]
[Black "Pflugradt, Natalie"]
[Result "1-0"]
[Termination "normal"]
[Board "41"]
[WhiteElo "1173"]
[BlackElo "1120"]
[PlyCount "83"]
[BlackFideId "16212444"]
[EventCountry "GER"]
[EventRounds "11"]
[EventType "swiss"]
[EventDate "2015.05.23"]

1. e4 e5 2. Nf3 Nc6 3. Bc4 Bc5 4. Nc3 Nf6 5. d3 h6 6. h3 d6 7. Nd5 Be6 8. a3
Bxd5 9. exd5 Ne7 10. Bb5+ c6 11. dxc6 Nxc6 12. d4 Qa5+ 13. Bd2 Qxb5 14. dxc5
Qxc5 15. O-O Qb6 16. b3 O-O-O 17. Qe1 Rdg8 18. Be3 Qc7 19. Rd1 g5 20. Nh2 h5
21. f3 Kb8 22. Rd3 g4 23. fxg4 Ne8 24. gxh5 Rxh5 25. Qf2 Rg7 26. Rc3 Qd7 27.
Re1 Qxh3 28. Bxa7+ Nxa7 29. Rxh3 Rxh3 30. Re3 Rhh7 31. Rc3 Nb5 32. Rc4 Rg8 33.
a4 Nbc7 34. Qf3 Na6 35. Qc3 Nf6 36. b4 Rhg7 37. Qd2 Ne8 38. Nf3 f5 39. Kf1 Nac7
40. b5 Ne6 41. b6 Nc5 42. Nxe5 1-0